000
00240nam a22001097a 4500
999
_c
260982
_d
260981
020
_a
9780545232807
100
_a
Holly Web
245
_a
Harry the Homeless Puppy
260
_a
New York
_b
Scholastic
_c
2009
300
_a
122 pgs
942
_c
BK